000 00782nam a2200253Ia 4500
003 OSt
005 20220923222750.0
006 a|||||r|||| 00| 0
007 ta
008 220922b |||||||| |||| 00| 0 hin d
024 _a207,565
037 _cTextual
040 _aARTS
_cARTS
_bhin
041 _2hin
_ahin
082 _aO152,3N295x, K7
100 _aशिवप्रसाद, मिश्र
245 0 _aबहती गंगा
246 _aBahatī gangā
260 _aदिल्ली
_b राधाकृष्ण प्रका0
_c1967
300 _a163पृ.
_ccm.
650 _aहिन्दी कहानी
942 _hO152,3N295x, K7
_cTEXL
_2CC
999 _c358182
_d358182